| 000 | 00361nam a2200121 a 4500 | ||
|---|---|---|---|
| 005 | 20251027131727.0 | ||
| 008 | 251025s2025##################000#0#eng## | ||
| 020 | _a9780697462114 | ||
| 082 | 0 | 4 |
_a658.575 _bSCH |
| 100 | _aSchiling, Melissa | ||
| 245 | 1 | 0 |
_aMBA Program _b: technological innovation and new product development _c/ Melissa Schiling |
| 942 | _cENGLISH | ||
| 999 |
_c593571 _d593571 |
||